Statistics for -X Vocabulary Words

Click here to take the quiz!

General Stats

  • This quiz has been taken 95 times
  • The average score is 9 of 20

Answer Stats

hintword% Correct
the most exciting point of an eventclimax
80%
whirling mass of water or airvortex
72%
French wine-growing districtBordeaux
70%
letters added to the start of a word to adjust its meaningprefix
68%
milky tree fluid from which rubber is derivedlatex
62%
person or thing that brings
bad luck
jinx
56%
troops in tight formationphalanx
53%
fasten or attachaffix
51%
many cinemas on the same sitemultiplex
49%
lightest member of a rowing crewcox
48%
automatic responsereflex
42%
transmitter of imagesfax
39%
multi-layered semi-precious stoneonyx
38%
disfiguring diseasesmallpox
32%
malicious deceptionhoax
29%
predating the fax, a word transmittertelex
28%
ten to the power of a googol: the largest
named number?
googolplex
25%
white compound used in detergents, cosmetics, and enamel glazesborax
24%
bewilder, confuse (1)flummox
24%
bewilder, confuse (2)perplex
16%

Score Distribution

Percentile by Number Answered

Percent of People with Each Score

Your Score History

You have not taken this quiz